000 00336nam a22001457a 4500
008 210225b ||||| |||| 00| 0 eng d
020 _a9780786303588
041 _aeng
080 _22nd
_a37
082 _a37
100 _a46
101 _aEDU
245 _aThe survey research handbook
_cAlreck, P.L & Settle. R.B
942 _2udc
_cBK
999 _c55239
_d55239